La Descripción: El Cuerpo - Statistics

General Stats
  • This quiz has been taken 511 times
  • The average score is 9 of 16
Answer Stats
Hint Answer % Correct
tall alto
93%
big grande
93%
fat gordo
91%
ugly feo
86%
small pequeño
85%
short bajo
76%
good-looking guapo
67%
pretty bonito
61%
skinny-d delgado
60%
blonde rubio
60%
beautiful hermoso
43%
dark moreno
36%
skinny-f flaco
30%
medium mediano
19%
redhaired pelirrojo
14%
brunette castaño
12%
No matching quizzes found
Score Distribution
Percent of People with Each Score
Percentile by Number Answered
Your Score History
You have not taken this quiz